000 00675nmc a2200241 a 4500
003 AR-BaBNM
005 20251128202807.0
008 057019s[s.f ||||||||||||||000 | spa||
040 _cAR-BaBNM
100 1 _aMalthus, Thomas Robert
_d1766-1834
245 1 0 _aEnsayo sobre el principio de población
260 _aBuenos Aires
_bVda. de Rodríguez Serra
_c[s.f.]
300 _a221 p.
490 0 _aBiblioteca de filosofía y sociología
_vv. 16
650 4 _aIDEOLOGIAS
650 4 _aHISTORIA DE LAS IDEAS
650 4 _aDEMOGRAFIA
650 4 _aDEMOGRAFIA HISTORICA
650 4 _aHISTORIA SOCIAL
700 1 _aBayo, Ciro
_etraductor
942 _cBK
998 _cmariana
999 _c605
_d605